スタジオジブリの映画 - Statistics

General Stats
  • This quiz has been taken 906 times
  • The average score is 15 of 27
Answer Stats
公開年 作品名 % Correct
1988 となりのトトロ
97%
2001 千と千尋の神隠し
91%
2008 崖の上のポニョ
80%
1986 天空の城ラピュタ
79%
2004 ハウルの動く城
79%
1997 もののけ姫
75%
1984 風の谷のナウシカ
74%
1989 魔女の宅急便
74%
2023 君たちはどう生きるか
73%
1992 紅の豚
70%
2013 風立ちぬ
69%
1994 平成狸合戦ぽんぽこ
66%
2006 ゲド戦記
66%
1988 火垂るの墓
65%
2010 借りぐらしのアリエッティ
64%
1995 耳をすませば
60%
2002 猫の恩返し
60%
2014 思い出のマーニー
48%
2011 コクリコ坂から
47%
2013 かぐや姫の物語
36%
1991 おもひでぽろぽろ
35%
1999 ホーホケキョ となりの山田くん
29%
1993 海がきこえる
21%
2020 アーヤと魔女
20%
1995 On Your Mark
10%
2016 レッドタートル ある島の物語
7%
2002 ギブリーズ episode2
4%
No matching quizzes found
Score Distribution
Percent of People with Each Score
Percentile by Number Answered
Your Score History
You have not taken this quiz